00785cam a2200229 a 450000500170000000800390001702000150005602000180007104000500008904100080013906000100014710000200015724500770017726000570025430000380031150400530034965000290040265000320043165000350046365000270049865000300052520180405183911.0141003s1999 enka fr 001 0 eng a0333930703 a9780333930700 aCO-BoUCMbspacJose A. GerenadJose A. Gerena0 aeng aWZ 401 aDuffin, Jacalyn10aHistory of medicine ba scandalously short introduction cJacalyn Duffin aBasingstoke (Hampshire, Inglaterra)bMacmillanc1999 axvi, 432 páginasbilustraciones aIncluye referencias bibliográficas e índices 7aHistoria de la medicina  7aMedicina general xHistoria 7aPráctica médica xHistoria 7aPatología xHistoria 7aFarmacología xHistoria